LEADER 01832nam a2200301 u 4500 001 000000109476 003 CaOOAMICUS 005 20080206094046.0 008 080205s1914 it u000 u grc u 040 $aPUL(R)$bita$dBc 041 0 $agrc$aita 100 0 $aHomerus,$dsec. VIII a.C.$0(OLS)http://pul/name/7026 240 10$aOdyssea$lGreco.$0(OLS)http://pul/title/137724 245 13$aIl libro XIX dell'Odissea /$cOmero ; con note italiane del prof. Pasquale Giardelli. 260 $aLivorno :$bRaffaello Giusti,$c1914. 300 $avi, 44 p. ;$c19 cm. 501 $aSta con: Il libro XVII dell'Odissea / Omero ; con note italiane del prof. Gaetano Gigli -- Il libro XVIII dell'Odissea / Omero ; con note italiane del prof. Gaetano Gigli -- Il libro XX dell'Odissea / Omero ; con note italiane del prof. Pasquale Giardelli -- Il libro XXI dell'Odissea / Omero ; con note italiane del prof. Gustavo Boralevi -- Il libro XXII dell'Odissea / Omero ; con note italiane del prof. Gustavo Boralevi -- Il libro XXIII dell'Odissea / Omero ; con note italiane del prof. Gustavo Boralevi -- Il libro XXIV dell'Odissea / Omero ; con note italiane del prof. Gustavo Boralevi. 700 1 $aGiardelli, Pasquale.$0(OLS)http://pul/name/56449 700 0 $aHomerus,$dsec. VIII a.C.$tOdyssea.$0(OLS)http://pul/nameTitle/271$0(OLS)http://pul/name/7026$0(OLS)http://pul/title/132000 850 $aPUL 852 $aPUL$W1$xDP1 Cons. Gen., Altre Classi 1$y22$m242 C 16.int.3$j125199$aLibro XIX$qStampati$B123930$CPULBib$Z2$F123930 $82 900 $aHomer$97026 900 $aOmero$dsec. VIII a.C.$97026 900 $aHomer$97026 900 $aOmero$dsec. VIII a.C.$97026 941 1 $a8 996 $6245$aIl libro XIX dell'Odissea$9(OLS)http://pul/title/137726 996 $6260$aLivorno :$bRaffaello Giusti$9(OLS)http://pul/publisher/72290 LEADER 03416nam a2200445 a 4500 001 000000117362 003 CaOOAMICUS 005 20091015170605.0 008 091013s1543 it u001 u ita r 026 $aliu. o.e,$be,ta teem (3)$c1543 (R) 040 $aPUL$bita$delep 100 0 $aDictys Cretensis,$dsec. II-III.$0(OLS)http://pul/name/1735 240 10$aEphemeris belli Troiani$lItaliano.$0(OLS)http://pul/title/147687 245 10$aDitte Candiano Della guerra troiana. Darete Frigio della rovina troiana. Declamatione di Libanio Sofista. Mirsilio Lesbio Dell'origine d'Italia, e de Tirreni. Archiloco De tempi. Beroso Babilonio Dell'antichità. Manethone De i re d'Egitto. Metasthene Persiano Del giudicio de tempi, et annuali historie de Persiani. Quinto Fabio Pittore Dell'aurea età, e dell'origine di Roma. Caio Sempronio Della divisione d'Italia, et origine di Roma. 260 $aIn Vinegia :$bappresso Vincenzo Vaugris al segno d'Erasmo,$c1543. 300 $a[8], 132 c. ;$c8° (14 cm) 500 $aSegnatura: [ast.]8 A-Q8 R4 500 $aMarca tipogr. in fine: Serpente attorcigliato a bastone a forma di tau sostenuto da mani uscenti da nuvole (Z1035). 500 $aIniziali xil. 500 $aA cura di Giovan Battista Roscio, il cui nome appare nella pref. 662 $aItalia$dVenezia.$0(OLS)http://pul/subject/34951 700 0 $aMyrsilus Lesbius,$dsec. III a.C.$0(OLS)http://pul/name/73240 700 1 $aRoscio, Giovanni Battista,$dsec. XVI.$0(OLS)http://pul/name/73246 700 0 $aBerosus,$df. c. 300 a.C.$0(OLS)http://pul/name/73242 700 0 $aManetho,$dsec. III a.C.$0(OLS)http://pul/name/73243 700 0 $aMegasthenes,$df. 323-291 a.C.$0(OLS)http://pul/name/73244 700 0 $aArchilochus,$dsec. VII.$0(OLS)http://pul/name/3575 700 0 $aDares Phrygius.$tDe excidio Troiae.$0(OLS)http://pul/nameTitle/1033$0(OLS)http://pul/name/73192$0(OLS)http://pul/title/147688 700 0 $aLibanius,$dc. 314-392/393 a.C.$tDeclamationes.$0(OLS)http://pul/nameTitle/1034$0(OLS)http://pul/name/15727$0(OLS)http://pul/title/147771 700 0 $aFabius Pictor,$cQuintus,$dc. 260-c. 190 a.C.$0(OLS)http://pul/name/73245 710 0 $aValgrisi, Vincenzo$4pbl.$0(OLS)http://pul/name/70991 850 $aPUL 852 $aPUL$W1$xDP1 Antico 500$y12$m127 A 35$j134677$qStampati Antico$B133647$CPULBib$Z2$F133647 $82 856 0$uhttp://aquabrowser.pul.it/cinquecentine/127A35-1.jpg 900 $aLibanio,$cdi Antiochia,$dc.314-392/393$915727 900 $aLibanios,$dc.314-392/393$915727 941 1 $a15 961 $aPrecedente collocazione: 59.Precedente appartenenza: Collegio Germanico - Bibl. Sup.Note mss. sul front. e all'interno del testo.Sottolineature all'interno del testo.Stemma dell'ordine dei Gesuiti (JHS) sul dorso.Stemma di Gregorio XIII sul dorso. 996 $6245$aDitte Candiano Della guerra troiana. Darete Frigio della rovina troiana. Declamatione di Libanio Sofista. Mirsilio Lesbio Dell'origine d'Italia, e de Tirreni. Archiloco De tempi. Beroso Babilonio Dell'antichità. Manethone De i re d'Egitto. Metasthene Persiano Del giudicio de tempi, et annuali historie de Persiani. Quinto Fabio Pittore Dell'aurea età, e dell'origine di Roma. Caio Sempronio Della divisione d'Italia, et origine di Roma.$9(OLS)http://pul/title/147686 996 $6260$aIn Vinegia :$bappresso Vincenzo Vaugris al segno d'Erasmo$9(OLS)http://pul/publisher/80766